Language Quiz

Random Language or Blitz Quiz

Vocabulary Blitz XLIV Quiz Stats

 Plays Quiz Updated Jul 4, 2018

Challenge
Share
Tweet
Embed
Score 0/5 Timer 01:00
0 Plays Today
% Correct
banish
96%
embellish
92.6%
brandish
90.9%
burnish
81%
blandish
76.7%

You're not logged in!

Compare scores with friends on all Sporcle quizzes.
Join for Free
OR
Log In

You Might Also Like...

Show Comments

Extras

Top Quizzes Today


Score Distribution

Your Account Isn't Verified!

In order to create a playlist on Sporcle, you need to verify the email address you used during registration. Go to your Sporcle Settings to finish the process.

Report this User

Report this user for behavior that violates our Community Guidelines.

Details: